| 000 | 00284 a2200073 4500 | ||
|---|---|---|---|
| 245 | 0 |
_aRestructuring of Telecommunications for Development : _bEvolution, Policies and Trends / _c. _n1 t. |
|
| 710 | 2 |
_aInternational Telecommunication Union. _eWydawca _4pbl |
|
| 260 |
_aGeneva : _bITU, _c1994. |
||
| 300 |
_a35 s.; _c30 cm. |
||
| 999 |
_c759 _d759 |
||